Dostupná štátna podpora pre vybraný startup v Slovenskej republike bakalárska práca

Uložené v:
Podrobná bibliografia
Hlavný autor: Kováčik, Adam
Korporativný autor: Fakulta podnikového manažmentu EU. Katedra informačného manažmentu
Ďalší autori: Hanák, Róbert, 1979-
Médium: Kniha
Jazyk:Slovak
Vydavateľské údaje: Bratislava 2018
Tagy: Pridať tag
Žiadne tagy, Buďte prvý, kto otaguje tento záznam!

MARC

LEADER 00000nbm a2200000 4500
001 0247301
005 20180921143802.2
041 0 |a slo 
044 |a SK 
245 1 0 |a Dostupná štátna podpora pre vybraný startup v Slovenskej republike  |b bakalárska práca  |c Adam Kováčik ; školiteľ: Róbert Hanák 
264 1 |a Bratislava  |c 2018 
300 |a 55 s. 
100 1 |a Kováčik, Adam 
700 1 |a Hanák, Róbert, 1979- 
710 2 |a Fakulta podnikového manažmentu EU. Katedra informačného manažmentu